| 000 | 00000cas 2200000zi 4500 |
| 001 | 9.946692 |
| 003 | CaOODSP |
| 005 | 20251219125813 |
| 006 | m o d f |
| 007 | cr cn |||||||| |
| 008 | 250109c20249999qucar p o f0### 0eng d |
| 040 | |aCaOODSP|beng|erda|cCaOODSP |
| 043 | |an-cn--- |
| 086 | 1 |aNM21-8E-PDF |
| 110 | 2 |aCanadian Museum of History.|eauthor, |eissuing body. |
| 240 | 10|aInfo source (2024) |
| 245 | 10|aInfo source : |bsources of federal government and employee information. |
| 246 | 30|aSources of federal government and employee information |
| 264 | 1|aGatineau, Québec : |bCanadian Museum of History = Musée canadien de l'histoire ; |aOttawa, Ontario : |bCanadian War Museum = MuseĢe canadien de la guerre, |c[2024]- |
| 310 | |aAnnual |
| 336 | |atext|btxt|2rdacontent |
| 337 | |acomputer|bc|2rdamedia |
| 338 | |aonline resource|bcr|2rdacarrier |
| 362 | 1 |aBegan with: 2024. |
| 500 | |aIssued also in French under title: Info source : sources de renseignements du gouvernement fédéral et du personnel. |
| 588 | |aDescription based on: 2024; title from PDF cover page. |
| 588 | |aLatest issue consulted: 2025. |
| 610 | 20|aCanadian Museum of History|vPeriodicals. |
| 610 | 20|aCanadian War Museum|vPeriodicals. |
| 650 | 0|aGovernment information|zCanada|vPeriodicals. |
| 650 | 0|aPublic records|xAccess control|zCanada|vPeriodicals. |
| 655 | 7|aPeriodicals|2lcgft |
| 710 | 2 |aCanadian War Museum, |eauthor, |eissuing body. |
| 775 | 08|tInfo source : |w(CaOODSP)9.946691 |
| 780 | 00|tInformation about programs and information holdings : |w(CaOODSP)9.931285 |